Introduction to applied mathematics /
Guardado en:
| Autor Principal: | |
|---|---|
| Formato: | Libro |
| Idioma: | English |
| Publicado: |
Wellesley, Mass. :
Wellesley-Cambridge Press,
c1986.
|
| Acceso en línea: | Table of contents |
| Etiquetas: |
Agregar Etiqueta
Sin Etiquetas, Sea el primero en etiquetar este registro!
|
| LEADER | 00782nam a2200217 a 4500 | ||
|---|---|---|---|
| 001 | MAT.inmabb001664 | ||
| 008 | 030506s1986####mau######b####001#0#eng#d | ||
| 005 | 20130307111859.0 | ||
| 245 | 1 | 0 | |a Introduction to applied mathematics / |c Gilbert Strang. |
| 260 | |a Wellesley, Mass. : |b Wellesley-Cambridge Press, |c c1986. | ||
| 300 | |a ix, 758 p. : |b il. ; |c 25 cm. | ||
| 504 | |a Bibliografía: p. [738]-739. | ||
| 510 | 4 | |a MR, |c 88a:00006 | |
| 020 | |a 0961408804 | ||
| 100 | 1 | |a Strang, Gilbert. | |
| 084 | |a 00A69 |2 msc2000 | ||
| 010 | |a 84052450 | ||
| 856 | |u http://www-math.mit.edu/%7Egs/books/itam%5Ftoc.html |y Table of contents | ||
| 859 | |h 00A69 |i St897 |p A-6793 |b BIB. MATEMATICA | ||
| 859 | |h 00A69 |i St897 |p A-8050 |t Ej. 2 |b BIB. MATEMATICA | ||
| 859 | |h 00A69 |i St897 |p A-8408 |t Ej. 3 |b BIB. MATEMATICA | ||
